书目信息 |
| 题名: |
邓小平
|
|
| 作者: | 侯远长 | |
| 分册: | ||
| 出版信息: | 北京 中国经济出版社 1997 |
|
| 页数: | 310 | |
| 开本: | 20cm | |
| 丛书名: | ||
| 单 册: | ||
| 中图分类: | A76 | |
| 科图分类: | ||
| 主题词: | 列宁--传记 , 毛泽东--传记 , 恩格斯--生平事迹 , 毛泽东--生平事迹 , 列宁--生平事迹 , 马克思--生事迹 , 马克思--传记 , 恩格斯--传记 | |
| 电子资源: | ||
| ISBN: | 7-5017-3905-6 | |
| 000 | 00767nam0 2200277 450 | |
| 001 | 0735257515 | |
| 005 | 20070904094737.51 | |
| 010 | @a7-5017-3905-6@d15 | |
| 100 | @a20070904d km y0chiy0120 ea | |
| 101 | 0 | @achi |
| 200 | 1 | @a邓小平@Adeng xiao ping@e发展思想研究@f侯远长等@Fhou yuan chang deng |
| 210 | @a北京@c中国经济出版社@d1997 | |
| 215 | @a310@d20cm | |
| 517 | 1 | @a发展思想研究@Afa zhan si xiang yan jiu |
| 606 | 0 | @a列宁@x传记 |
| 606 | 0 | @a毛泽东@x传记 |
| 606 | 0 | @a恩格斯@x生平事迹 |
| 606 | 0 | @a毛泽东@x生平事迹 |
| 606 | 0 | @a列宁@x生平事迹 |
| 606 | 0 | @a马克思@x生事迹 |
| 606 | 0 | @a马克思@x传记 |
| 606 | 0 | @a恩格斯@x传记 |
| 690 | @aA76@v3 | |
| 701 | 0 | @a侯远长@Ahou yuan chang |
| 801 | 0 | @aCN@bPFT@c20070904 |
| 905 | @a213230@dA76@ea1@f1 | |
| 邓小平:发展思想研究/侯远长等.-北京:中国经济出版社,1997 |
| 310;20cm |
| ISBN 7-5017-3905-6:15 |
| ● |
| 相关链接 |
|
|
|
|
正题名:邓小平
索取号:A76/a1
 
预约/预借
| 序号 | 登录号 | 条形码 | 馆藏地/架位号 | 状态 | 备注 |
| 1 | 7500177 | 275001775 | 史法系资料室/ [索取号:A76/a1] | 在馆 |